| 000 | 00806nam a2200253Ia 4500 | ||
|---|---|---|---|
| 003 | OSt | ||
| 005 | 20220918171005.0 | ||
| 006 | a|||||r|||| 00| 0 | ||
| 007 | ta | ||
| 008 | 220917b |||||||| |||| 00| 0 eng d | ||
| 020 |
_a97811137434760 (hbk) _c5312.44 |
||
| 024 | _a289,762 | ||
| 037 |
_b2563, 22/03/2016, Govinda Book House _cTextual |
||
| 040 |
_aARTS _cARTS _beng |
||
| 041 |
_2eng _aeng |
||
| 082 | _aO111,1M82:g(Q), Q5 | ||
| 100 |
_aBalinisteanu Tudor _932921 |
||
| 245 | 0 | _aReligion and aesthetic experience in joyce and yeats | |
| 260 |
_aNew York _bPalgrave U.S.A _c2015 |
||
| 300 |
_aix, 216p. _ccm. |
||
| 650 | _aENGLISH LITERATURE | ||
| 942 |
_hO111,1M82:g(Q), Q5 _cTEXL _2CC |
||
| 999 |
_c137136 _d137136 |
||